Statistics for United States Map Quiz

Click here to take the quiz!

General Stats

  • This quiz has been taken 2,537,109 times
  • The average score is 32 of 50

Answer Stats

Answer % Correct
California
94%
Texas
92%
Hawaii
91%
Alaska
90%
Florida
88%
Washington
88%
Oregon
82%
New Mexico
81%
Louisiana
78%
New York
74%
North Carolina
74%
South Carolina
73%
Tennessee
73%
Georgia
73%
Arizona
72%
Maine
72%
West Virginia
68%
Virginia
68%
South Dakota
66%
Nevada
65%
North Dakota
65%
Michigan
65%
Alabama
64%
Pennsylvania
64%
Rhode Island
62%
New Jersey
60%
Montana
60%
Vermont
60%
Kentucky
59%
Ohio
59%
Mississippi
59%
Idaho
58%
Maryland
58%
Illinois
57%
Massachusetts
56%
Delaware
55%
Oklahoma
54%
Colorado
54%
Minnesota
53%
Utah
53%
Connecticut
52%
New Hampshire
51%
Indiana
50%
Wisconsin
50%
Wyoming
44%
Kansas
43%
Iowa
41%
Nebraska
41%
Arkansas
40%
Missouri
39%

Score Distribution

Percentile by Number Answered

Percent of People with Each Score

Your Score History

You have not taken this quiz